000 00272nam a2200109Ia 4500
008 200302s9999 xx 000 0 und d
100 _aPhilip M. Morse & Other
245 _aTheoretical Acoustics
260 _bPrinceton University Press
260 _c1968
300 _a927 P.,
999 _c2619
_d2619